A Chinese biogas manual : (Record no. 125989)

MARC details
000 -LEADER
fixed length control field 00728cam a2200217 i 4500
008 - FIXED-LENGTH DATA ELEMENTS--GENERAL INFORMATION
fixed length control field
020 ## - INTERNATIONAL STANDARD BOOK NUMBER
International Standard Book Number 0903031655 (pbk.)
049 ## - LOCAL HOLDINGS (OCLC)
Holding library MAIN
090 ## - LOCALLY ASSIGNED LC-TYPE CALL NUMBER (OCLC); LOCAL CALL NUMBER (RLIN)
Classification number (OCLC) (R) ; Classification number, CALL (RLIN) (NR) TP359
Local cutter number (OCLC) ; Book number/undivided call number, CALL (RLIN) BUR
003 - CONTROL NUMBER IDENTIFIER
control field
005 - DATE AND TIME OF LATEST TRANSACTION
control field 20230123122008.0
040 ## - CATALOGING SOURCE
Transcribing agency NUST
245 02 - TITLE STATEMENT
Title A Chinese biogas manual :
Remainder of title popularising technology in the countryside /
Statement of responsibility, etc. edited by Ariane van Buren ;technical editor, Leo Pyle ; translator Michael Crook.
260 ## - PUBLICATION, DISTRIBUTION, ETC.
Place of publication, distribution, etc. London :
Name of publisher, distributor, etc. Intermediate Technology Pub.,
Date of publication, distribution, etc. 1979.
300 ## - PHYSICAL DESCRIPTION
Extent 135 p. :
Other physical details ill. ;
Dimensions 22 cm.
650 #0 - SUBJECT ADDED ENTRY--TOPICAL TERM
Topical term or geographic name entry element Biogas
Geographic subdivision China.
650 #0 - SUBJECT ADDED ENTRY--TOPICAL TERM
Topical term or geographic name entry element Appropriate technology
Geographic subdivision China.
700 1# - ADDED ENTRY--PERSONAL NAME
Personal name van Buren, Ariane.
907 ## - LOCAL DATA ELEMENT G, LDG (RLIN)
a .b1033032x
b 14-05-13
c 08-05-13
942 ## - ADDED ENTRY ELEMENTS (KOHA)
Koha item type Ordinary Loan Books
Call number prefix TP359
Call number suffix BUR
Holdings
Date last seen Total Checkouts Full call number Barcode Cost, replacement price Price effective from Koha item type Lost status Source of classification or shelving scheme Damaged status Not for loan Collection Withdrawn status Home library Current library Shelving location Date acquired Cost, normal purchase price
01/23/2023 1 TP359 CHI 92004033348 80.00 01/23/2023 BOOKS   LCC     NFIC   MAIN MAIN GEN 01/23/2023 80.00